000 02024cam a22003854i 4500
003 PE-LiUPU
005 20250731184116.0
008 150706s2007 ag r 000 0 spa d
020 _a9789875841154
035 _a(Sirsi) i9789875841154
040 _aPE-LiUPU
_bspa
_cPE-LiUPU
_erda
049 _aPRUA
082 0 4 _a864
_bG25
_221
100 1 _aGarabieta, Leonardo,
_eautor.
245 1 3 _aEl abrazo de la mediocridad :
_buna lectura de la arquitectura social /
_cLeonardo Garibieta.
264 1 _aBuenos Aires :
_bNobuko,
_c2007.
300 _a83 páginas ;
_c21 centímetros
336 _atext
_2rdacontent
337 _aunmediated
_2rdamedia
338 _avolume
_2rdacarrier
505 0 _aEl abrazo de la mediocridad -- El hombre moderno, actual, faústico -- Pero cuando el sí mismo no alcanza -- Cuándo fue que el individuo se transformó en presa -- ¿Qué es el deseo? -- No minimicemos el rol del mediocre -- Dentro del imperio de las circunstancias -- El desafío de pensar -- Tensión, temor, angustia -- Un ser carente de significación -- Ritmos que la autoridad -- La naturaleza humana -- El miedo -- Vivimos en tiempos faústicos -- La familia tipo -- Construir puentes en vez de levantar muros -- Allá por lo finales del siglo XVIII -- Un hombre moldeado por el medio -- Un dios aparentemente bárbaro.
526 _aP145
526 _aP127
526 _aP97
526 _aP14
526 _aP07
541 _g001-003517;
650 1 4 _aArquitectura.
_94555
910 _agl
_bjv
_clch
_d20120601
942 _2ddc
_cBOOK
949 _a864 G25
_wDEWEY
_c1
_i64736
_lCCODEBUL1
_mBUL
_p12.00
_r0
_sY
_tBOOK
_u2015-7-6
_xINGENIERIA
_PP06
_o.STAFF. Colección General
994 _aC0
_bPEPRU
596 _a1
999 _a864 G25
_wDEWEY
_c53438
_i64736
_d53438
_e2017-6-14
_f2021-11-10
_g7
_lCCODEBUL1
_mBUL
_n4
_p12.00
_r0
_sY
_tBOOK
_u2015-7-6
_xINGENIERIA
_PP06
_0COMPRA
_o.STAFF. Colección Ingeniería y Arquitectura
980 _81
_gALBERTO SANCHEZ Responsable de Automatización